Contratos (Registro nro. 4192)

Detalles MARC
000 -LEADER
fixed length control field 01188 a2200193 4500
001 - CONTROL NUMBER
control field 46389
005 - DATE AND TIME OF LATEST TRANSACTION
control field 20260407155735.0
008 - FIXED-LENGTH DATA ELEMENTS--GENERAL INFORMATION
fixed length control field 260407a1981 arg spa d
003 - CONTROL NUMBER IDENTIFIER
control field AR-UNSa-BCEJYS
040 ## - CATALOGING SOURCE
Original cataloging agency AR-UNSa-BCEJYS
Language of cataloging spa
Transcribing agency AR-UNSa-BCEJYS
080 ## - UNIVERSAL DECIMAL CLASSIFICATION NUMBER
Universal Decimal Classification number 347.44
Common auxiliary subdivision Contratos en general. Obligaciones
100 1# - MAIN ENTRY--PERSONAL NAME
Personal name Mosset Iturraspe, Jorge
245 10 - TITLE STATEMENT
Title Contratos
264 #1 - PRODUCTION, PUBLICATION, DISTRIBUTION, MANUFACTURE, AND COPYRIGHT NOTICE
Place of production, publication, distribution, manufacture Buenos Aires :
Name of producer, publisher, distributor, manufacturer EDIAR
Date of production, publication, distribution, manufacture, or copyright notice 1981
300 ## - PHYSICAL DESCRIPTION
Extent 494 p.
Dimensions 23 cm.
505 ## - FORMATTED CONTENTS NOTE
Formatted contents note 1. Ubicación y caracterización – 2. Noción y clasificación – 3. Formación – 4. Contratos previos – 5. Modalidades – 6. Vicios – 7. Quienes pueden contratar – 8. Contratación por y para otro – 9. La operación jurídica – 10. El motivo determinante – 11. Solemnidades – 12. Demostración en juicio – 13. Sentido y alcance – 14. Consecuencias – 15. Partes y terceros – 16. El volver a ver – 17. Alternativas – 18. La sanción reparadora – 19. Efectos de los bilaterales – 20. Vicios en el derecho y en la cosa – 21. Otras fuentes lícitas – 22. La cooperación sin encargo – 23. El desplazamiento patrimonial incausado –
590 ## - LOCAL NOTE (RLIN)
Local note niveau_biblio:m niveau_hierar:0
942 ## - ADDED ENTRY ELEMENTS (KOHA)
Koha item type
Existencias
Withdrawn status Lost status Damaged status Not for loan Home library Current library Shelving location Date acquired Total checkouts Full call number Barcode Date last seen Price effective from Koha item type
        Biblioteca Prof. Eusebio Cleto del Rey Biblioteca Prof. Eusebio Cleto del Rey   07/04/2026   347.44 M913 L53410 07/04/2026 07/04/2026 Libro
        Biblioteca Prof. Eusebio Cleto del Rey Biblioteca Prof. Eusebio Cleto del Rey   07/04/2026   347.44 M913 L53411 07/04/2026 07/04/2026 Libro